Training and workplace skills in the context of globalization: new directions and discourses in skills (Record no. 353684)
[ view plain ]
| 000 -LEADER | |
|---|---|
| fixed length control field | 00480nam a2200097Ia 4500 |
| 008 - FIXED-LENGTH DATA ELEMENTS--GENERAL INFORMATION | |
| fixed length control field | 180130s9999 xx 000 0 und d |
| 245 ## - TITLE STATEMENT | |
| Statement of responsibility, etc | Lucio, Miguel Martinez; Mustchin, Stephen |
| Title | Training and workplace skills in the context of globalization: new directions and discourses in skills |
| 260 ## - PUBLICATION, DISTRIBUTION, ETC. (IMPRINT) | |
| Date of publication, distribution, etc | 2014 |
| 300 ## - PHYSICAL DESCRIPTION | |
| Extent | Book title: International human resource management : an employment relations perspective--Acession number C18843; pages 118-136 |
| 650 ## - SUBJECT ADDED ENTRY--TOPICAL TERM | |
| Topical term or geographic name as entry element | HUMAN RESOURCE MANAGEMENT |
| Withdrawn status | Lost status | Damaged status | Home library | Current library | Date acquired | Total Checkouts | Date last seen | Price effective from | Koha item type |
|---|---|---|---|---|---|---|---|---|---|
| College Library | College Library | 01/30/2018 | 01/30/2018 | 01/30/2018 | Book Chapter |